00723nam a2200157 a 4500008004100000050002200041110004700063245011400110260003700224300000900261350000900270650005200279995009300331999001700424952012400441110718s2011 ||||||||||||||||| || u aGOV.ZAM(02)2011/1 aGovernment of the Republic of Zambia (GRZ)10aSelected presidential speeches by his excellency Mr. Rupiah Bwezani Banda President of the Republic of Zambia aLusakabGovernment Printerc2011 a41p. a0.00 aPRESIDENTS--ZAMBIA--ADDRESSES, ESSAYS, LECTURES D0.00FCBU-MAIN LIBRARY (Kitwe)H1I0.00M1UAVAILABLEWJul 18, 2011ZZambiana Collection c57261d57261 00102lcc4070a001b001cZambiana Collectiond2022-11-30l0oGOV.ZAM(02)2011/1p03008071r2022-11-30w2022-11-30y002